Decision Management Systems (Record no. 11050)
[ view plain ]
| 000 -LEADER | |
|---|---|
| fixed length control field | 00453 a2200157 4500 |
| 020 ## - INTERNATIONAL STANDARD BOOK NUMBER | |
| International Standard Book Number | 9780132884389 |
| 082 ## - DEWEY DECIMAL CLASSIFICATION NUMBER | |
| Classification number | 658.4032 |
| 090 ## - LOCALLY ASSIGNED LC-TYPE CALL NUMBER (OCLC); LOCAL CALL NUMBER (RLIN) | |
| -- | 7247 |
| -- | 7247 |
| 100 ## - MAIN ENTRY--PERSONAL NAME | |
| Personal name | James Taylor |
| 245 ## - TITLE STATEMENT | |
| Title | Decision Management Systems |
| Statement of responsibility, etc. | James Taylor |
| 260 ## - PUBLICATION, DISTRIBUTION, ETC. | |
| Place of publication, distribution, etc. | New York |
| Name of publisher, distributor, etc. | IBM Press |
| Date of publication, distribution, etc. | 2012 |
| 300 ## - PHYSICAL DESCRIPTION | |
| Extent | xxviii, 284.; |
| Other physical details | ill.: |
| Dimensions | 24cm. |
| 440 ## - SERIES STATEMENT/ADDED ENTRY--TITLE | |
| Title | A practical guide to using business rules and predictive analytics |
| 700 ## - ADDED ENTRY--PERSONAL NAME | |
| Personal name | James Taylor |
| 942 ## - ADDED ENTRY ELEMENTS (KOHA) | |
| Koha item type | Book |
| Call number prefix | 658.4032 TAY |
| Withdrawn status | Lost status | Damaged status | Not for loan | Collection code | Permanent Location | Current Location | Shelving location | Date acquired | Source of acquisition | Cost, normal purchase price | Total Checkouts | Total Renewals | Full call number | Barcode | Date last seen | Date last checked out | Price effective from | Koha item type |
|---|---|---|---|---|---|---|---|---|---|---|---|---|---|---|---|---|---|---|
| Central Library (CL) | Central Library (CL) | General Stacks | 08/10/2012 | Eagle Information Marketing | 2149.65 | 1 | 1 | 658.4032 TAY | SEECS011492 | 04/28/2015 | 01/20/2014 | 01/05/2017 | Book |
